000 00378nam a2200145Ia 4500
008 231129s2000||||xx |||||||||||||| ||spa||
020 _a958-02-1433-6
040 _bspa
082 _a910 G166t
100 _aGallego Garcia German
245 0 _aTravesia : Geografia universal
260 _c2000
264 _aVoluntad
942 _2ddc
_cBKS
999 _c25650
_d25650